000 00942nac a22002897a 4500
001 BR6000329
003 BR-BrBNA
005 20240105112946.0
008 230509b bl.|||m| |||| 00| 0 por d
040 _aBR-BrBNA
_bpor
_cBiblioteca Nacional de Agricultura
072 _aE15; L00
090 _a5212 BR6000329
110 1 _aSubsecretaria de Planejamento e Orcamento, Rio de Janeiro, GB (Brasil). Escritorio de Estatistica
_910001
245 1 _aPecuaria, avicultura, apicultura e sericicultura 1970
260 3 _aRio de Janeiro, GB (Brasil):
_c1972.
300 _a20 p.
490 _aPecuaria, Avicultura, Apicultura e Sericicultura (Brazil)
_v
_x
500 _aNumerical data
650 _aPECUARIA
650 _aAVICULTURA
650 _aAPICULTURA
650 _aSERICICULTURA
650 _aESTATISTICA DE PRODUCAO
650 _aCUSTO DE PRODUCAO
909 _a202312
_bLúcia Elande
_c55
_dLúcia Elande
942 _2AGRIS
_n0
_cMS
999 _c261130
_d261130